MARC details
| 000 -CABECERA |
| campo de control de longitud fija |
02806nab a2200289 a 4500 |
| 005 - FECHA Y HORA DE LA ÚLTIMA TRANSACCIÓN |
| campo de control |
20230610063604.0 |
| 008 - ELEMENTOS DE LONGITUD FIJA--INFORMACIÓN GENERAL |
| campo de control de longitud fija |
991125c2019 sp fr p o 000 0 spa d |
| 035 ## - NÚMERO DE CONTROL DEL SISTEMA |
| Número de control de sistema |
UPN01000235402 |
| 040 ## - FUENTE DE LA CATALOGACIÓN |
| Centro catalogador/agencia de origen |
MX-MxUPN |
| Lengua de catalogación |
spa |
| Centro/agencia transcriptor |
MX-MxUPN |
| Normas de descripción |
aacr2 |
| 049 ## - COLECCIÓN |
| Colección |
ART-E |
| 100 1# - ASIENTO PRINCIPAL--NOMBRE PERSONAL |
| Nombre de persona |
Morentin Encina, Javier |
| Enlace |
- jmorentin@edu.uned.es |
| 100 1# - ASIENTO PRINCIPAL--NOMBRE PERSONAL |
| Nombre de persona |
Ballesteros Velázquez, Belén |
| 100 1# - ASIENTO PRINCIPAL--NOMBRE PERSONAL |
| Nombre de persona |
Mateus, Sandra |
| 245 10 - MENCIÓN DE TÍTULO |
| Título |
¿Igualdad de oportunidades? Más que el mero acceso: trayectorias y narrativas de jóvenes en fracaso y abandono educativo en España y Portugal |
| Medio |
[recurso electrónico en línea] |
| 506 0# - NOTA DE RESTRICCIONES AL ACCESO |
| Limitaciones de acceso |
Acceso abierto |
| 520 3# - NOTA DE RESUMEN, ETC. |
| Sumario, etc. |
La equidad e igualdad de oportunidades en educación son objetivos presentes en los marcos legislativos de los países de la Unión Europea. Uno de los indicadores utilizados por excelencia para garantizar el cumplimiento de estos objetivos es el Abandono Temprano de la Educación y Formación (ATEF). En los últimos años el nivel de abandono ha disminuido en países como España y Portugal, escenarios de nuestro estudio. Sin embargo, debido a la complejidad de los procesos de abandono, no podemos atribuirlo a una única causa. Nuestro interés es analizarlo desde la experiencia escolar: cómo se vive el ATEF y cómo se piensa una escuela que garantice el éxito de todos-as. Para ello, recogemos la perspectiva de los jóvenes que lo protagonizan, a través de historias de vida, entrevistas en profundidad y grupos focales. En la narrativa de los estudiantes sobre su etapa de escolaridad, las prácticas de atención a la diversidad quedan traducidas a vivencias de exclusión. En la escuela masificada el fracaso escolar y la segregación son formas frecuentes de respuesta a la diversidad. Los recursos y las condiciones de aprendizaje continúan marcados por deficiencias, particularmente entre quienes están en situaciones de mayor vulnerabilidad social. El nivel teórico donde se mueve la regulación del sistema educativo trata de favorecer la capacidad y motivación por aprender. Sin embargo, la práctica se ve impulsada por otras inercias que explican lo que ocurre en las escuelas desde la lógica de la acumulación y competencia, dejando a un lado el compromiso por la equidad. |
| 650 #4 - ASIENTO SECUNDARIO DE MATERIA - TERMINO TEMATICO |
| Término de materia o nombre geográfico como elemento de entrada |
Igualdad de oportunidades en educación |
| 9 (RLIN) |
5002 |
| 650 #2 - ASIENTO SECUNDARIO DE MATERIA - TERMINO TEMATICO |
| 9 (RLIN) |
5660 |
| Término de materia o nombre geográfico como elemento de entrada |
Jóvenes |
| 650 #4 - ASIENTO SECUNDARIO DE MATERIA - TERMINO TEMATICO |
| Término de materia o nombre geográfico como elemento de entrada |
Fracaso escolar |
| 9 (RLIN) |
4966 |
| 653 0# - TERMINO DE INDIZACION - NO CONTROLADO |
| Término no controlado |
Narrativa |
| 773 ## - ENLACE AL DOCUMENTO FUENTE/ENTRADA DE REGISTRO ANFITRIÓN |
| Parte(s) relacionada(s) |
Vol. 21, no. 2 (2019), p. 143-159 |
| Título |
Fuentes : revista de la Facultad de Ciencias de la Educación |
| Número Internacional Normalizado para Publicaciones Seriadas |
2172-7775 |
| 856 40 - LOCALIZACIÓN Y ACCESO ELECTRÓNICOS |
| Identificador Uniforme del Recurso |
<a href="https://revistascientificas.us.es/index.php/fuentes/article/view/10592/9715">https://revistascientificas.us.es/index.php/fuentes/article/view/10592/9715</a> |
| 856 40 - LOCALIZACIÓN Y ACCESO ELECTRÓNICOS |
| Identificador Uniforme del Recurso |
<a href="http://dx.doi.org/10.12795/revistafuentes.2019.v21.i2.01">http://dx.doi.org/10.12795/revistafuentes.2019.v21.i2.01</a> |
| Nota pública |
Consultar articulo completo |
| 902 ## - ELEMENTOS DE DATOS B LOCAL, LDB (RLIN) |
| Creó |
GloriaJiménez |
| Modificó |
GloriaJiménez/290922 |
| 905 ## - TIPO DE MATERIAL |
| Tipo de material |
Articulo |
| 942 ## - ELEMENTOS DE PUNTO DE ACCESO ADICIONAL (KOHA) |
| Tipo de ítem Koha |
Artículo Electrónico |